الحركات والجماعات السياسية فى البحرين 1938-2002 (Record no. 12371)
[ view plain ]
| 000 -الفاتح | |
|---|---|
| حقل البيانات ثابتة الطول | 00838nam a22001697a 4500 |
| 008 - عناصر البيانات ثابتة الطول - معلومات عامة | |
| حقل البيانات ثابتة الطول | 090719t xxu||||| |||| 00| 0 ara d |
| 082 ## - رقم تصنيف ديوى العشرى | |
| رقم الطبعة | 22 |
| رقم التصنيف | 297.83 |
| رقم المادة | م د ي |
| 100 1# - المدخل الرئيسى - إسم شخصى | |
| 9 (RLIN) | 8074 |
| الإسم الشخصى | المديرس ، فلاح عبد الله |
| 245 12 - بيان العنوان | |
| العنوان | الحركات والجماعات السياسية فى البحرين 1938-2002 |
| بيان المسئوليه,etc | فلاح عبدالله المديرس |
| 250 ## - بيان الطبعة | |
| بيان الطبعة | ط 1. |
| 260 ## - PUBLICATION, DISTRIBUTION, ETC. (IMPRINT) | |
| مكان الناشر او الموزع | :بيروت |
| اسم الناشر او الموزع | دار الكنوز الادبية، |
| تاريخ النشر أو التوزيع | 2004 |
| 300 ## - الوصف المادى | |
| التعداد | 192ص |
| أبعاد الوعاء | 24 سم |
| 504 ## - تبصرة ببليوجرافية | |
| تبصرة ببليوجرافية,الخ | يشتمل على ارجعات ببليوجرافية(180-192 |
| 650 ## - المدخل الاضافى بالموضوع-مصطلح موضوعى | |
| 9 (RLIN) | 8075 |
| مصطلح موضوعي أو اسم جغرافي كعنصر مدخل | الحركات السياسية |
| التقسيم الفرعي الجغرافي | البحرين |
| 942 ## - عناصر المدخل الإضافي( كوها) | |
| مصدر التصنيف او مخطط الترفيف | Dewey Decimal Classification |
| Koha [default] item type | Book - Borrowing |
| حالة التراجع | حالة الفقد | مصدر التصنيف او خطة الترفيف | حالة تلف | ليس للاعارة | مجموعات كوها | المكان الدائم | المكان الحالي | موقع الترفيف | تاريخ الاكتساب | سعر الشراء الطبيعي | تعداد مسلسل / التسلسل الزمني | رقم الاستدعاء | الباركود | Date last seen | نوع الوعاء |
|---|---|---|---|---|---|---|---|---|---|---|---|---|---|---|---|
| Dewey Decimal Classification | Dar Amoag | Central Library | Central Library | Lower Floor | 19/07/2009 | 33.00 | 56 | 297.83 الم | 000017535 | 15/07/2025 | Book - Borrowing |